Statistics for 市町村クイズ - 人口ランキングTOP500 ver.

Click here to take the quiz!

General Stats

  • This quiz has been taken 32 times
  • The average score is 342 of 500

Answer Stats

Rank都道府県Answer% Correct
1神奈川県横浜市
100%
8京都府京都市
100%
12千葉県千葉市
100%
11宮城県仙台市
100%
10広島県広島市
100%
9埼玉県さいたま市
100%
2大阪府大阪市
100%
7兵庫県神戸市
100%
5福岡県福岡市
100%
4北海道札幌市
100%
3愛知県名古屋市
100%
66東京都北区
100%
39兵庫県西宮市
96%
32兵庫県姫路市
96%
33東京都江東区
96%
34栃木県宇都宮市
96%
35愛媛県松山市
96%
42石川県金沢市
96%
40大分県大分市
96%
41岡山県倉敷市
96%
45東京都葛飾区
96%
72東京都中野区
96%
70東京都新宿区
96%
30東京都板橋区
96%
31東京都八王子市
96%
28鹿児島県鹿児島市
96%
101東京都港区
96%
6神奈川県川崎市
96%
25静岡県静岡市
96%
125東京都荒川区
96%
23東京都江戸川区
96%
22岡山県岡山市
96%
14福岡県北九州市
96%
20熊本県熊本市
96%
17新潟県新潟市
96%
321愛知県あま市
91%
67奈良県奈良市
91%
71滋賀県大津市
91%
158東京都中央区
91%
76群馬県前橋市
91%
77北海道旭川市
91%
80沖縄県那覇市
91%
137東京都三鷹市
91%
84兵庫県明石市
91%
86東京都豊島区
91%
64愛知県豊橋市
91%
415東京都千代田区
91%
87岩手県盛岡市
91%
88東京都目黒区
91%
90福島県福島市
91%
128東京都台東区
91%
427千葉県旭市
91%
93東京都墨田区
91%
65和歌山県和歌山市
91%
92三重県津市
91%
37千葉県市川市
91%
15大阪府堺市
91%
43広島県福山市
91%
29東京都杉並区
91%
16静岡県浜松市
91%
46神奈川県藤沢市
91%
47東京都町田市
91%
27埼玉県川口市
91%
19東京都大田区
91%
13東京都世田谷区
91%
50愛知県豊田市
91%
51香川県高松市
91%
26千葉県船橋市
91%
38大阪府東大阪市
91%
54岐阜県岐阜市
91%
21神奈川県相模原市
91%
115東京都文京区
87%
57大阪府枚方市
87%
91青森県青森市
87%
24東京都足立区
87%
94茨城県水戸市
87%
139山口県山口市
87%
117佐賀県佐賀市
87%
107山形県山形市
87%
18東京都練馬区
87%
130島根県松江市
87%
206千葉県木更津市
87%
102神奈川県平塚市
87%
103山口県下関市
87%
110長崎県佐世保市
87%
109東京都渋谷区
87%
99福井県福井市
87%
56宮崎県宮崎市
87%
124群馬県太田市
87%
74埼玉県越谷市
87%
58神奈川県横須賀市
87%
259福岡県春日市
87%
60愛知県岡崎市
87%
61愛知県一宮市
87%
62群馬県高崎市
87%
63長野県長野市
87%
156千葉県浦安市
87%
53長崎県長崎市
87%
52富山県富山市
87%
49東京都品川区
87%
73埼玉県所沢市
87%
75福島県いわき市
87%
79高知県高知市
87%
44兵庫県尼崎市
87%
145鳥取県鳥取市
87%
82秋田県秋田市
87%
48千葉県柏市
87%
144神奈川県小田原市
83%
140大阪府岸和田市
83%
210千葉県成田市
83%
127群馬県伊勢崎市
83%
129東京都西東京市
83%
135広島県東広島市
83%
164北海道帯広市
83%
303東京都稲城市
83%
150東京都立川市
83%
167北海道釧路市
83%
161青森県弘前市
83%
224三重県伊勢市
83%
123青森県八戸市
83%
155神奈川県鎌倉市
83%
122神奈川県厚木市
83%
98東京都府中市
83%
81愛知県春日井市
83%
78福島県郡山市
83%
36千葉県松戸市
83%
69大阪府高槻市
83%
95千葉県市原市
83%
121兵庫県宝塚市
83%
96新潟県長岡市
83%
192沖縄県沖縄市
83%
68埼玉県川越市
83%
83三重県四日市市
83%
104徳島県徳島市
83%
154島根県出雲市
83%
108静岡県富士市
83%
111東京都調布市
83%
113茨城県つくば市
83%
114長野県松本市
83%
55大阪府豊中市
83%
118埼玉県春日部市
83%
59大阪府吹田市
83%
85福岡県久留米市
83%
254岩手県一関市
78%
243栃木県那須塩原市
78%
186東京都多摩市
78%
160千葉県佐倉市
78%
190滋賀県草津市
78%
163栃木県小山市
78%
205神奈川県海老名市
78%
174栃木県栃木市
78%
173茨城県ひたちなか市
78%
177千葉県野田市
78%
119大阪府寝屋川市
78%
182東京都武蔵野市
78%
151京都府宇治市
78%
468北海道北広島市
78%
97大阪府八尾市
78%
100兵庫県加古川市
78%
105北海道函館市
78%
112神奈川県茅ヶ崎市
78%
116神奈川県大和市
78%
120埼玉県上尾市
78%
126広島県呉市
78%
132千葉県八千代市
78%
141東京都日野市
78%
143静岡県沼津市
78%
136三重県鈴鹿市
78%
237栃木県佐野市
74%
268群馬県桐生市
74%
185鳥取県米子市
74%
282大阪府泉佐野市
74%
329埼玉県和光市
74%
338千葉県君津市
74%
209東京都青梅市
74%
393東京都武蔵村山市
74%
355栃木県日光市
74%
214東京都国分寺市
74%
221沖縄県うるま市
74%
240北海道北見市
74%
233福島県会津若松市
74%
255埼玉県富士見市
74%
251埼玉県ふじみ野市
74%
153茨城県日立市
74%
149大阪府和泉市
74%
146新潟県上越市
74%
175長野県上田市
74%
152千葉県習志野市
74%
89大阪府茨木市
74%
172岐阜県大垣市
74%
142山梨県甲府市
74%
165富山県高岡市
74%
138埼玉県熊谷市
74%
180愛媛県今治市
74%
168山口県宇部市
74%
157北海道苫小牧市
74%
424福井県敦賀市
70%
241大分県別府市
70%
242東京都東久留米市
70%
289長野県飯田市
70%
106埼玉県草加市
70%
131千葉県流山市
70%
429沖縄県名護市
70%
288長野県佐久市
70%
336愛媛県四国中央市
70%
380埼玉県蕨市
70%
324東京都狛江市
70%
256埼玉県加須市
70%
257北海道小樽市
70%
260石川県白山市
70%
374埼玉県桶川市
70%
373福島県須賀川市
70%
263兵庫県三田市
70%
360東京都国立市
70%
134兵庫県伊丹市
70%
348東京都あきる野市
70%
148愛知県豊川市
70%
283沖縄県宜野湾市
70%
230宮崎県延岡市
70%
236奈良県生駒市
70%
170宮崎県都城市
70%
453埼玉県秩父市
70%
463愛知県常滑市
70%
197埼玉県朝霞市
70%
194茨城県土浦市
70%
312福井県坂井市
70%
307埼玉県東松山市
70%
179東京都東村山市
70%
171三重県松阪市
70%
220東京都小金井市
70%
188栃木県足利市
65%
345京都府舞鶴市
65%
199宮城県石巻市
65%
183愛知県小牧市
65%
290北海道千歳市
65%
319愛知県北名古屋市
65%
344埼玉県飯能市
65%
370群馬県館林市
65%
365東京都清瀬市
65%
266静岡県三島市
65%
267岐阜県多治見市
65%
181埼玉県久喜市
65%
269石川県小松市
65%
354京都府木津川市
65%
270大阪府池田市
65%
496青森県むつ市
65%
272茨城県取手市
65%
309富山県射水市
65%
337北海道室蘭市
65%
294長崎県大村市
65%
191大阪府守口市
65%
189岐阜県各務原市
65%
277大阪府河内長野市
65%
296新潟県三条市
65%
202山口県周南市
65%
201三重県桑名市
65%
222鹿児島県霧島市
65%
223熊本県八代市
65%
169神奈川県秦野市
65%
225山形県鶴岡市
65%
435山形県天童市
65%
227奈良県橿原市
65%
228大阪府門真市
65%
431石川県加賀市
65%
450山口県山陽小野田市
65%
216静岡県富士宮市
65%
235埼玉県鴻巣市
65%
215山口県岩国市
65%
166埼玉県新座市
65%
147愛知県安城市
65%
213千葉県我孫子市
65%
306鹿児島県薩摩川内市
65%
464大阪府大阪狭山市
65%
204静岡県焼津市
65%
133東京都小平市
65%
335大分県中津市
65%
316大阪府摂津市
65%
342福井県越前市
65%
247東京都昭島市
65%
300千葉県四街道市
65%
331東京都東大和市
65%
176愛知県刈谷市
65%
208長崎県諫早市
65%
340山形県米沢市
61%
332奈良県大和郡山市
61%
323岐阜県関市
61%
320京都府亀岡市
61%
341滋賀県近江八幡市
61%
398和歌山県田辺市
61%
343京都府長岡京市
61%
421沖縄県豊見城市
61%
491徳島県鳴門市
61%
479東京都福生市
61%
471新潟県村上市
61%
465千葉県銚子市
61%
462福岡県古賀市
61%
459福島県南相馬市
61%
454宮崎県日向市
61%
447和歌山県橋本市
61%
434千葉県白井市
61%
412茨城県鹿嶋市
61%
350埼玉県行田市
61%
407福井県鯖江市
61%
406茨城県守谷市
61%
405大阪府柏原市
61%
395京都府八幡市
61%
382京都府京田辺市
61%
378大阪府泉大津市
61%
359新潟県燕市
61%
358京都府福知山市
61%
357兵庫県豊岡市
61%
351埼玉県本庄市
61%
318静岡県御殿場市
61%
184埼玉県狭山市
61%
500沖縄県宮古島市
61%
262香川県丸亀市
61%
281山形県酒田市
61%
196埼玉県深谷市
61%
279茨城県筑西市
61%
278鹿児島県鹿屋市
61%
200茨城県古河市
61%
203大阪府箕面市
61%
274千葉県印西市
61%
265大阪府富田林市
61%
217愛知県瀬戸市
61%
218宮城県大崎市
61%
219福岡県飯塚市
61%
286福岡県糸島市
61%
258福岡県大牟田市
61%
253滋賀県東近江市
61%
252岩手県奥州市
61%
229大阪府大東市
61%
250滋賀県長浜市
61%
249滋賀県彦根市
61%
234佐賀県唐津市
61%
238愛媛県新居浜市
61%
239沖縄県浦添市
61%
246山口県防府市
61%
162静岡県磐田市
61%
285岡山県津山市
61%
244静岡県掛川市
61%
195静岡県藤枝市
61%
292静岡県島田市
61%
302岩手県花巻市
61%
305岩手県北上市
61%
193埼玉県三郷市
61%
301埼玉県八潮市
61%
384福岡県太宰府市
57%
226北海道江別市
57%
436愛知県みよし市
57%
385愛知県犬山市
57%
381佐賀県鳥栖市
57%
439奈良県大和高田市
57%
325茨城県牛久市
57%
391埼玉県吉川市
57%
440埼玉県蓮田市
57%
327岐阜県高山市
57%
433大分県日田市
57%
477岐阜県美濃加茂市
57%
232大阪府松原市
57%
442宮城県気仙沼市
57%
394愛媛県宇和島市
57%
396北海道恵庭市
57%
397埼玉県鶴ヶ島市
57%
426千葉県袖ケ浦市
57%
425奈良県天理市
57%
310広島県三原市
57%
423熊本県玉名市
57%
248愛知県東海市
57%
419埼玉県北本市
57%
314静岡県袋井市
57%
417岐阜県羽島市
57%
317千葉県茂原市
57%
428大阪府藤井寺市
57%
441兵庫県丹波市
57%
443沖縄県糸満市
57%
271愛媛県西条市
57%
346愛知県蒲郡市
57%
347北海道岩見沢市
57%
339新潟県柏崎市
57%
293茨城県神栖市
57%
295新潟県新発田市
57%
469静岡県湖西市
57%
298栃木県鹿沼市
57%
334愛知県尾張旭市
57%
487大阪府四條畷市
57%
178兵庫県川西市
57%
275福岡県大野城市
57%
212広島県尾道市
57%
362茨城県龍ケ崎市
57%
449青森県十和田市
57%
461和歌山県紀の川市
57%
414大分県佐伯市
57%
299兵庫県芦屋市
57%
330神奈川県綾瀬市
57%
452大阪府泉南市
57%
456福島県白河市
57%
207愛知県稲沢市
52%
476京都府向日市
52%
418静岡県伊東市
52%
499茨城県那珂市
52%
475北海道石狩市
52%
211神奈川県座間市
52%
498福島県二本松市
52%
231愛知県半田市
52%
198埼玉県戸田市
52%
187埼玉県入間市
52%
495東京都羽村市
52%
482福岡県直方市
52%
483山口県下松市
52%
493埼玉県日高市
52%
460長野県千曲市
52%
408千葉県八街市
52%
333滋賀県守山市
52%
377群馬県渋川市
52%
352栃木県真岡市
52%
349宮城県名取市
52%
287愛知県江南市
52%
297長野県安曇野市
52%
276神奈川県伊勢原市
52%
328愛知県知多市
52%
261千葉県鎌ヶ谷市
52%
392福岡県行橋市
52%
372大阪府交野市
52%
399徳島県阿南市
52%
401愛知県豊明市
52%
304愛知県大府市
52%
403岡山県総社市
52%
367熊本県天草市
52%
404滋賀県栗東市
52%
322秋田県横手市
52%
245広島県廿日市市
52%
308愛知県日進市
52%
311三重県伊賀市
52%
313滋賀県甲賀市
52%
280埼玉県坂戸市
52%
411福岡県福津市
48%
458福岡県小郡市
48%
467千葉県東金市
48%
353奈良県香芝市
48%
315兵庫県高砂市
48%
470香川県観音寺市
48%
473神奈川県逗子市
48%
474熊本県宇城市
48%
291福岡県宗像市
48%
368埼玉県志木市
48%
489奈良県桜井市
48%
490新潟県南魚沼市
48%
326大阪府貝塚市
48%
492島根県浜田市
48%
494滋賀県湖南市
48%
455栃木県下野市
48%
457愛知県田原市
48%
369山梨県甲斐市
48%
375秋田県由利本荘市
48%
410長野県塩尻市
48%
420宮城県栗原市
48%
422福岡県柳川市
48%
159愛知県西尾市
48%
430群馬県藤岡市
48%
390栃木県大田原市
48%
432宮城県多賀城市
48%
389愛知県知立市
48%
387愛知県碧南市
48%
264大阪府羽曳野市
48%
383茨城県笠間市
48%
379兵庫県たつの市
48%
386茨城県石岡市
48%
451愛知県長久手市
48%
371兵庫県三木市
48%
361岐阜県中津川市
43%
376京都府城陽市
43%
273福岡県筑紫野市
43%
366宮城県登米市
43%
400山梨県南アルプス市
43%
480長野県茅野市
43%
363三重県名張市
43%
284岐阜県可児市
43%
438熊本県合志市
43%
472石川県野々市市
43%
445茨城県常総市
43%
497和歌山県岩出市
39%
402秋田県大館市
39%
416長野県伊那市
39%
364鹿児島県姶良市
39%
444愛知県津島市
39%
413山梨県笛吹市
39%
488群馬県安中市
39%
484大阪府高石市
39%
478岡山県玉野市
39%
446愛知県愛西市
39%
437香川県三豊市
39%
466福島県伊達市
39%
486岐阜県土岐市
35%
356秋田県大仙市
35%
448福岡県八女市
35%
409東京都清須市
35%
485岩手県滝沢市
35%
388千葉県香取市
30%
481岐阜県瑞穂市
30%

Score Distribution

Percentile by Number Answered

Percent of People with Each Score

Your Score History

You have not taken this quiz